<?xml version="1.0" encoding="UTF-8"?>
<record
    xmlns:xsi="http://www.w3.org/2001/XMLSchema-instance"
    xsi:schemaLocation="http://www.loc.gov/MARC21/slim http://www.loc.gov/standards/marcxml/schema/MARC21slim.xsd"
    xmlns="http://www.loc.gov/MARC21/slim">

  <leader>00695nam a2200205 i 4500</leader>
  <controlfield tag="001">104916</controlfield>
  <controlfield tag="003">ES-MaACL</controlfield>
  <controlfield tag="005">20260617125144.0</controlfield>
  <controlfield tag="007">t|</controlfield>
  <controlfield tag="008">060526s1929    au           ||||1| fre d</controlfield>
  <datafield tag="080" ind1=" " ind2=" ">
    <subfield code="a">782.1 Milhaud, Darius. Christophe Colomb. 089.1</subfield>
  </datafield>
  <datafield tag="100" ind1="1" ind2=" ">
    <subfield code="a">Milhaud, Darius.</subfield>
    <subfield code="9">81108</subfield>
  </datafield>
  <datafield tag="245" ind1="1" ind2="0">
    <subfield code="a">Christophe Colomb</subfield>
    <subfield code="b">: op&#xE9;ra en deux parties et vingt sept tableaux /</subfield>
    <subfield code="c">po&#xE8;me de Paul Claudel ; musique de Darius Milhaud.</subfield>
  </datafield>
  <datafield tag="260" ind1=" " ind2=" ">
    <subfield code="a">Vienne :</subfield>
    <subfield code="b">Universelle,</subfield>
    <subfield code="c">[1929]</subfield>
  </datafield>
  <datafield tag="300" ind1=" " ind2=" ">
    <subfield code="a">96 p. ;</subfield>
    <subfield code="c">20 cm.</subfield>
  </datafield>
  <datafield tag="500" ind1=" " ind2=" ">
    <subfield code="a">Biblioteca Jacinto Mart&#xED;nez Lacalle.</subfield>
  </datafield>
  <datafield tag="700" ind1=" " ind2=" ">
    <subfield code="a">Claudel, Paul,</subfield>
    <subfield code="d">1868-1955</subfield>
    <subfield code="9">239252</subfield>
  </datafield>
  <datafield tag="852" ind1=" " ind2=" ">
    <subfield code="a">ES-MaACL</subfield>
    <subfield code="j">2237-F-2</subfield>
    <subfield code="b">R.137666</subfield>
  </datafield>
  <datafield tag="999" ind1=" " ind2=" ">
    <subfield code="c">104916</subfield>
    <subfield code="d">104916</subfield>
  </datafield>
  <datafield tag="952" ind1=" " ind2=" ">
    <subfield code="0">0</subfield>
    <subfield code="1">0</subfield>
    <subfield code="4">0</subfield>
    <subfield code="7">0</subfield>
    <subfield code="8">Colecci&#xF3;n_de_folletos</subfield>
    <subfield code="a">ATENEOM</subfield>
    <subfield code="b">ATENEOM</subfield>
    <subfield code="c">DEPOF</subfield>
    <subfield code="d">2008-01-17</subfield>
    <subfield code="e">SC</subfield>
    <subfield code="l">0</subfield>
    <subfield code="o">2237-F-2</subfield>
    <subfield code="p">1109530</subfield>
    <subfield code="r">2023-02-23 00:00:00</subfield>
    <subfield code="w">2023-02-23</subfield>
    <subfield code="y">FOLLETOS</subfield>
  </datafield>
</record>
